A tale of two cities
Guardat en:
| Autor principal: | |
|---|---|
| Format: | Llibre |
| Idioma: | anglès |
| Publicat: |
Leeds
E.J. Arnold
1946
|
| Matèries: | |
| Etiquetes: |
Afegir etiqueta
Sense etiquetes, Sigues el primer a etiquetar aquest registre!
|
MARC
| LEADER | 00000nam a2200000 a 4500 | ||
|---|---|---|---|
| 001 | UCX2287 | ||
| 003 | CL-VaPUC | ||
| 008 | 910417e19460000UK |||||||||||||||||eng|d | ||
| 082 | 0 | 4 | |a 823 |b DIC |2 21 |
| 100 | 0 | |a Dickens, Charles |e author |9 318158 | |
| 245 | 1 | 2 | |a A tale of two cities |
| 300 | |a 127 p | ||
| 942 | |c BK | ||
| 945 | |d 19910417 00:00:00 | ||
| 260 | |a Leeds |b E.J. Arnold |c 1946 | ||
| 650 | 0 | |a Novelas inglesas |9 265220 | |
| 583 | |a last modification |c 19910417 00:00:00 |k Rodrigo Vera | ||
| 999 | |c 223337 |d 223335 | ||
| 952 | |0 0 |1 0 |4 0 |6 823_000000000000000_DIC_1946 |7 0 |8 A |9 219010 |a BIBEDU |b BIBEDU |d 2019-11-15 |i 2878186 |o 823 DIC 1946 |p 2878186 |r 2019-11-15 |w 2019-11-15 |y BK |k LIT | ||